000 00813nam0a22002531 4500
001 rc\2774574
005 20250806204639.0
035 _a(NLR Aleph) 006900891
090 _a30062
_c30062
100 _a20110915d1941 u y0rusy50 ca
101 0 _arus
102 _aRU
105 _aa z |||||
200 1 _aПаровозы с пылеугольным отоплением
210 _aМосква
_cТрансжелдориздат
_d1941
215 _a76 с., 2 вкл. л. черт.
_cил., черт.
_d22 см.
700 1 _aЦыганков
_bА.З.
_gАлексей Захарович
801 0 _aRU
_bNLR
_gpsbo
801 1 _aRU
_bELAR
_2rusmarc
852 _aNLR
_jТ88 Г-4/50
942 _cBOOK
945 _aРоссийская национальная библиотека
980 _aNB
980 _aBV